| 000 | 01004nab a2200277 i 4500 | ||
|---|---|---|---|
| 003 | BR-BrBNA | ||
| 005 | 20250715094920.0 | ||
| 008 | 250715b2021 bl.tr|poo|||| 00| 0 por | | ||
| 040 |
_aBR-BrBNA _bpor |
||
| 072 |
_aH50 _b1112 |
||
| 072 | _aF40 | ||
| 100 | _aNegreiros, Ricardo José Zimmermann De | ||
| 100 | _aSalvador, Bruno Krauss | ||
| 245 | _aImpactos do ciclone-bomba na bananicultura do Norte Catarinense | ||
| 500 | _a Publicação online; 9 ref.; 4 illus.; | ||
| 650 | _aBANANA | ||
| 650 | _aCONDIÇÃO AMBIENTAL | ||
| 650 | _aCICLONE | ||
| 650 | _aDANO | ||
| 650 | _aPERDA DA PRODUÇÃO | ||
| 650 | _aSANTA CATARINA | ||
| 773 | 0 |
_01813 _9317205 _dFlorianópolis-SC Empresa de Pesquisa Agropecuária e Extensão Rural de Santa Catarina 1988- _o2024-3829 _tAgropecuária Catarinense (Brazil) _x0103-0779 _gv. 34(3) p. 12-15; (2021) _wBR2025003990 |
|
| 856 | _uhttps://publicacoes.epagri.sc.gov.br/rac/article/view/1227/1208 | ||
| 942 | _cANA | ||
| 999 |
_c333322 _d333322 |
||